Frontières de la Côte d'Ivoire. - Statistiques

Statistiques générales
  • Ce quiz a été pris 625 fois
  • Le résultat moyen est 5 sur 5
Statistiques - réponses
Longueur Pays frontalier % Correct
668 km Ghana
94%
532 km Mali
94%
584 km Burkina Faso
93%
716 km Liberia
90%
610 km Guinée
89%
Aucun quiz correspondant
Distribution des résultats
% des personnes avec chaque résultat
Percentile par nombre de réponses
Votre historique - résultats
Vous n’avez pas pris ce quiz